书目信息 |
| 题名: |
恩威并重的领导艺术
|
|
| 作者: | 弗里德斯 著 ;杜美杰 , 杨波 译 | |
| 分册: | ||
| 出版信息: | 北京 电子工业出版社 2006.03 |
|
| 页数: | 205页 | |
| 开本: | 24cm | |
| 丛书名: | ||
| 单 册: | ||
| 中图分类: | C933.2 | |
| 科图分类: | ||
| 主题词: | 领导艺术 | |
| 电子资源: | ||
| ISBN: | 7-121-02295-8 | |
| 000 | 00818nam0 2200217 450 | |
| 001 | 0635942656 | |
| 005 | 20061011095208.62 | |
| 010 | @a7-121-02295-8@dCNY 25.00 | |
| 100 | @a20060901d2006 km y0chiy0120 ea | |
| 101 | 0 | @achi |
| 200 | 1 | @a恩威并重的领导艺术@Aen wei bing zhong de ling dao yi shu@d=The 2R Manager:When to Relate,When to Require,and How to Do Both Effectively@f(美)弗里德斯著;杜美杰,杨波译@F(mei)fu li de si zhu;du mei jie,yang bo yi |
| 210 | @a北京@c电子工业出版社@d2006.03 | |
| 215 | @a205页@d24cm | |
| 510 | @aThe 2R Manager:When to Relate,When to Require,and How to Do Both Effectively | |
| 606 | 0 | @a领导艺术 |
| 690 | @aC933.2@v4 | |
| 701 | 0 | @a弗里德斯@Afu li de si@4著 |
| 702 | 0 | @a杜美杰@Adu mei jie@4译 |
| 702 | 0 | @a杨波@Ayang bo@4译 |
| 801 | @aCN@c20061011 | |
| 905 | @apdsgxy@dC933.2@eF590 | |
| 恩威并重的领导艺术=The 2R Manager:When to Relate,When to Require,and How to Do Both Effectively/(美)弗里德斯著;杜美杰,杨波译.-北京:电子工业出版社,2006.03 |
| 205页;24cm |
| ←并列题名:The 2R Manager:When to Relate,When to Require,and How to Do Both Effectively |
| ISBN 7-121-02295-8:CNY 25.00 |
| ● |
| 相关链接 |
|
|
|
正题名:恩威并重的领导艺术
索取号:C933.2/F590
 
预约/预借
| 序号 | 登录号 | 条形码 | 馆藏地/架位号 | 状态 | 备注 |
| 1 | 610376 | 206103768 | 社科库509/509社科库 65排8列1层/ [索取号:C933.2/F590] | 在馆 | |
| 2 | 610377 | 206103777 | 社科库509/509社科库 65排8列1层/ [索取号:C933.2/F590] | 在馆 | |
| 3 | 610378 | 206103786 | 社科库509/509社科库 65排8列1层/ [索取号:C933.2/F590] | 在馆 |